| 000 | 00881cam a2200253 4500 | ||
|---|---|---|---|
| 001 | ABS67179 | ||
| 008 | 031029n2003 000 0 eng u | ||
| 035 | _a(Sirsi) u124150 | ||
| 100 | _aBowen, S. | ||
| 245 | _aChange careers and become a surveyor | ||
| 260 | _c2003 | ||
| 490 |
_aEstates Gazette _v(0340) 4 October 2003 |
||
| 520 | _aLooks at ways in which RICS Education and Training is trying to attract members from other professional bodies to join RICS. These include by the experience, expert and academic and research routes. | ||
| 590 | _aABS | ||
| 650 | _aRICS | ||
| 650 | _aEXPERIENCE ROUTE | ||
| 650 | _aEXPERT ROUTE | ||
| 650 | _aCAREERS, EDUCATION AND TRAINING-QUALIFICATION ROUTES-ACADEMIC ENTRY ROUTE | ||
| 650 | _aRESEARCH ROUTE | ||
| 650 | _aROUTES TO MEMBERSHIP | ||
| 650 | _aPROFESSIONAL QUALIFICATIONS | ||
| 690 | _aMEMBERSHIP | ||
| 942 | _n0 | ||
| 999 |
_c73686 _d73686 |
||